<?xml version="1.0" encoding="UTF-8"?>
<collection xmlns="http://www.loc.gov/MARC21/slim">
 <record>
  <leader>     na                 </leader>
  <controlfield tag="001">INLIS000000000000403</controlfield>
  <controlfield tag="005">20220608113610</controlfield>
  <datafield tag="035" ind1=" " ind2=" ">
   <subfield code="a">0010-0622000058</subfield>
  </datafield>
  <controlfield tag="007">ta</controlfield>
  <controlfield tag="008">220608                g          0 ind  </controlfield>
  <datafield tag="082" ind1=" " ind2=" ">
   <subfield code="a">636.58.082</subfield>
  </datafield>
  <datafield tag="084" ind1=" " ind2=" ">
   <subfield code="a">636.58.082 TIK s</subfield>
  </datafield>
  <datafield tag="245" ind1="1" ind2="2">
   <subfield code="a">Sumberdaya genetik ayam lokal indonesia dan prospek pengembangannya /</subfield>
   <subfield code="c">Penyusun, Tike Sartika, Sofjan Iskandar, dan Bess Tiesnamurti</subfield>
  </datafield>
  <datafield tag="250" ind1=" " ind2=" ">
   <subfield code="a">1</subfield>
  </datafield>
  <datafield tag="260" ind1=" " ind2=" ">
   <subfield code="a">Jakarta :</subfield>
   <subfield code="b">IAARD Press,</subfield>
   <subfield code="c">2016</subfield>
  </datafield>
  <datafield tag="300" ind1=" " ind2=" ">
   <subfield code="a">xxii + 180 hlm. :</subfield>
   <subfield code="b">ill., tab. ;</subfield>
   <subfield code="c">14 x 21 cm.</subfield>
  </datafield>
  <datafield tag="650" ind1=" " ind2="4">
   <subfield code="a">Ayam Lokal</subfield>
  </datafield>
  <datafield tag="650" ind1=" " ind2="4">
   <subfield code="a">Sumberdaya Genetik</subfield>
  </datafield>
  <datafield tag="856" ind1=" " ind2=" ">
   <subfield code="a">Perpustakaan Sekretariat Balitbangtan</subfield>
  </datafield>
  <datafield tag="020" ind1=" " ind2=" ">
   <subfield code="a">978-602-344-136-5</subfield>
  </datafield>
  <datafield tag="700" ind1="0" ind2=" ">
   <subfield code="a">Iskandar, Sofjan</subfield>
  </datafield>
  <datafield tag="700" ind1="0" ind2=" ">
   <subfield code="a">Tiesnamurti, Bess</subfield>
  </datafield>
  <datafield tag="100" ind1="0" ind2=" ">
   <subfield code="a">TIKE, Sartika</subfield>
  </datafield>
  <datafield tag="520" ind1=" " ind2=" ">
   <subfield code="a">Buku Sumber Daya Genetik Ayam Lokal Indonesia dan Prospek Pengembangannya ini merupakan salah satu dokumentasi yang diharapkan dapat menambahkan dan&#13;
melengkapi berbagai informasi ke dalam khazanah ilmu dan pengetahuan peternakan, khususnya ternak ayam lokal.&#13;
Berbagai publikasi yang berhubungan erat dengan buku ini sudah ada beredar, namun buku ini memberikan kontribusi yang lebih lengkap mengenai ayam-ayam lokal di Indonesia serta ayam pendatang yang sudah beradaptasi di Indonesia,&#13;
dilengkapi dengan berbagai informasi fenotipe secara kuantitatif dan kualitatif. Karakteristik ayam-ayam Indonesia ini dicirikan dengan tampilan fenotipe yang beragam mulai dari warna bulu sampai produktifitas.&#13;
Dalam buku ini berbagai jenis ayam berdasarkan pemanfaatannya dijabarkan baik dari segi kondisi tampilan external, atau ciri-fisik yang membedakan ayam jenis tertentu&#13;
dengan ayam ras dari luar Indonesia. Selain itu dalam buku ini dikemukakan pula secara detail data-data produktifitas telur, pertumbuhan, maupun kualitas telur bagi jenis ayam tertentu yang informasinya sudah lengkap. Buku ini paling sedikit akan&#13;
memberikan kepada para pembaca, suatu pengetahuan akan ayam-ayam lokal di Indonesia. Selanjutnya besar kemungkinan para akademisi yang tertarik dapat memakai buku ini sebagai salah satu referensi setiap kegiatan pemuliaan ayam-ayam lokal Indonesia.&#13;
Dr. Tike Sartika adalah peneliti Balai Penelitian Ternak yang dalam 20 tahun terakhir ini memperdalam pengetahuan akan sifat-sifat ternak ayam lokal Indonesia. Ilmu dasar yang beliau kuasai adalah Ilmu Pemuliaan dan Genetika Ternak. Bekerja&#13;
sama dengan rekan penelitinya, Prof (R) Dr. Sofjan Iskandar yang aktif di dalam menggalakkan plasma nutfah ayam lokal Indonesia berusaha untuk menyusun buku ini yang dipersembahkan kepada anak-anak bangsa Indonesia tercinta.</subfield>
  </datafield>
  <datafield tag="990" ind1=" " ind2=" ">
   <subfield code="a">1833/2022/B</subfield>
  </datafield>
 </record>
</collection>
